000 00809cam a22002413a 4500
001 39164
003 PGUSA
005 20140828083853.0
008 120317s2012||||xxu|||||s|||||000 | eng d
040 _aPGUSA
_beng
042 _adc
100 1 _aDurrant, Stephen David,
_d1902-1975
245 1 4 _aThe Pocket Gophers (Genus Thomomys) of Utah, Vol. 1 No. 1 :
_bKansas University Publications.
_h[electronic resource] /
_cStephen David Durrant
260 _bProject Gutenberg,
_c2012
506 _aPublic domain in the USA.
516 _aElectronic text
700 1 _aHall, E. Raymond
_q(Eugene Raymond),
_d1902-1986
700 1 _aFarner, Donald S.
700 1 _aHoffmeister, Donald Frederick,
_d1916-
830 0 _aProject Gutenberg
_v39164
856 4 0 _uhttp://www.gutenberg.org/ebooks/39164
942 _cEB
999 _c268417
_d268417